[Event "Amber Rapid"]
[Site "Monte Carlo MNC"]
[Date "2006.03.20"]
[Round "3"]
[White "Vallejo Pons, Francisco"]
[Black "Anand, Viswanathan"]
[Result "0-1"]
[WhiteElo "2650"]
[BlackElo "2792"]
[Annotator "Martin, A"]
[PlyCount "86"]
[EventDate "2006.03.18"]
[Source "EDAMI"]
[SourceDate "2006.12.20"]

{Creo que esta partida es una de las mejores del torneo de Melody Amber, tanto
por su importancia teórica como también por la lucha en el medio juego.   El
gran maestro español hizo un buen intento para tomar la iniciativa con la
jugada 20. Nef5!?, pero la reacción de las negras fue aún mejor: 21... e4! Con
esa fuerte jugada intermedia, V.Anand recuperó el orden y la disciplina en las
filas de su ejército, tomando la iniciativa de esa contienda, porque el rey
blanco había quedado en el centro, donde la concentracion de las fuerzas
negras era bastante importante.   Vallejo aún tenía la ilusión de romper el
posicionamiento de la caballeria adversaria por medio del ataque de los
alfiles, pero una intervencion relámpago del caballo central en la jugada 28...
Nf3+ prácticamente decidió la lucha a favor del gran maestro indio. Tambien
hay que destacar la maniobra 39.. .f6! seguido 40...Kg6 y 41...Kf7 durante la
realización de la ventaja, que dejó sin casillas de penetracion a las piezas
pesadas de las blancas.} 1. e4 c5 2. Nf3 d6 3. d4 cxd4 4. Nxd4 Nf6 5. Nc3 a6 6.
f3 e6 7. Be3 b5 8. g4 {El propio Anand, contra Lautier, siguió} (8. Qd2 Nbd7 9.
g4 h6 10. O-O-O Bb7 11. Bd3 Ne5 12. Rhe1 b4 13. Na4 d5 14. exd5 Nxd5 15. f4 Qd7
16. b3 Nxg4 17. Nb6 Nxb6 18. Nxe6 Nd5 19. Nc5 Bxc5 20. Bxc5+ Kd8 21. Bxb4 Kc8
22. Ba5 Ngf6 23. c4 Nc7 24. Qb4 {
con gran iniciativa, V.Anand-J-Lautier 2000 Amber-rapid}) 8... b4 9. Nce2 h6
10. c4 e5 $146 {Antes o después esta jugada es necesaria para las negras y el
astro indio decide hacerla inmediatamente. Existen otras opciones como} (10...
Nbd7 11. h4 Qc7 12. Bh3 e5 13. Nf5 g6 14. Nfg3 Nc5 15. Qd2 Be6 16. b3 a5 17.
Bg2 Rb8 18. O-O Nfd7 19. g5 hxg5 20. hxg5 Be7 {
con buena posición para las negras, A.Naiditsch-K.Kulaots EU-ch Istanbul 2003})
11. Nc2 ({La continuación} 11. Nf5 g6 12. Nfg3 Be6 {puede llevar a la misma
posición que la partida Naiditcsh-Kulaots ya mencionada.}) 11... Nc6 12. Ng3
Be6 13. h4 a5 14. Bf2 {Las blancas dejan libre la casilla "e3" para el caballo}
g6 15. Ne3 Bg7 16. Rc1 ({
Vallejo tenía varias opciones, pero ninguna de ellas convence:} 16. h5 a4 17.
Nd5 Nd4 18. hxg6 fxg6 19. Bxd4 exd4 20. Ne2 Nxd5 21. cxd5 Bd7 {y si} 22. Nxd4 {
la dama sale en f6} Qf6 {con gran fuerza}) (16. Nd5 Nd4) (16. c5 $5 Nd4 $1 {
y las negras están mejor} ({es inferior} 16... dxc5 17. Bb5 Qc7 18. Rc1 Nd7 19.
Nd5 Qb7 {por} 20. Bxc5)) 16... O-O 17. Bd3 ({Me gusta más la continuación} 17.
h5 a4 18. Nd5 Nd4 {con posición incierta}) 17... Nd4 18. Nc2 Nc6 19. Ne3 {
?Tablas?} a4 {No} 20. Nef5 $5 {Por supuesto que en caso de} (20. g5 hxg5 21.
hxg5 Nd7 {cae el peón en g5}) 20... gxf5 21. exf5 {diagrama} e4 $1 {Un contrago
lpe típico que caracteriza el estilo de juego del gran maestro indio, quien
busca en primer lugar su propia seguridad y también la iniciativa sin mirar
mucho el material. Además era muy peligroso aceptar el sacrificio:} (21... Bd7
{por} 22. g5 Ne8 23. f6 Nxf6 24. gxf6 Bxf6 25. Qd2 {
y la iniciativa de las blancas es imparable}) 22. fxe4 Ne5 23. fxe6 (23. g5
Nfg4 24. f6 Nxf2 25. Kxf2 Bxf6 26. gxf6 Qxf6+ 27. Kg2 Kh8 {
es malo para las blancas}) 23... Nfxg4 {Ahora vemos lo que quiere Vishy: las
negras cierran la columna "g" y colocan sus piezas en las mejores casillas,
protegiendo su monarca, mientras la posicion del rey blanco empieza a ser cada
vez más incómoda} 24. e7 $1 Qxe7 25. Nf5 Qe6 26. Rg1 h5 27. Be2 Rfe8 28. Bd4 $2
{Un grave error táctico que permite a las negras destruir la posición de su
contrincante. No cambia nada} (28. Qxd6 $2 Nf3+ $1 29. Bxf3 Qxf5 {
y las negras ganan. La continuación correcta era}) (28. Qd5 $1 {y después de}
Kh7 {podemos evaluar la posición como poco clara.}) 28... Nf3+ $1 {El jugador
enorquín no vio este astuto golpe que aruina rápidamente toda su posición} 29.
Bxf3 Qxf5 30. Bxg7 ({También después de} 30. Qe2 Qf4 31. Rd1 f5 32. Bxg7 Kxg7 {
es difícil superar la presión de las piezas negras}) 30... Rxe4+ 31. Kd2 Qf4+ (
{Fritzi muestra un camino más corto para ganar la partida} 31... Re3 32. Be2
Rae8 33. Bh6 Rxe2+ 34. Qxe2 Rxe2+ 35. Kxe2 Qe6+) 32. Kc2 Rxc4+ 33. Kb1 Rxc1+
34. Qxc1 Qxf3 35. Bh6 ({
Es difícil pensar que Paco pudiese salvar la partida en un final como} 35. Qg5
Qd3+ 36. Ka1 Qg6 37. Qxg6 fxg6 38. Bd4) 35... Qf5+ 36. Ka1 Rc8 37. Qd1 Kh7 38.
Bc1 Qc2 39. Qf1 f6 $1 {Es instructivo el cuidado con el que las negras colocan
sus fuerzas para dominar a su adversario} 40. Qe1 Kg6 41. Qe3 Kf7 42. Qe1 Rc4
43. Rf1 d5 {Dominación máxima} 0-1

[Event "Amber Rapid"]
[Site "Monte Carlo MNC"]
[Date "2006.03.23"]
[Round "5"]
[White "Vallejo Pons, Francisco"]
[Black "Gelfand, Boris"]
[Result "1-0"]
[WhiteElo "2650"]
[BlackElo "2723"]
[Annotator "Martin, A"]
[PlyCount "103"]
[EventDate "2006.03.18"]
[Source "EDAMI"]
[SourceDate "2006.12.20"]

{Aunque no es una victoria espectacular por parte de Vallejo, la experiencia
nos dice que detrás de cada encuentro hay una historia. Creo que quizás el
mayor acierto del jugador español fue la elección de 6.a4 contra la Variante
Najdorf frente a un super experto de esta apertura como B.Gelfand, evitando de
esa forma variantes muy concretas y bastante inciertas. Las blancas
consiguieron con relativa facilidad una posición muy cómoda y obligaron a su
rival a buscar la igualdad. Probablemente el sacrificio de peón en d6 por
parte de Gelfand no fue malo en absoluto, pero el gran maestro israelí se
equivocó en el orden de las jugadas al realizar ese sacrificio y las blancas
muy pronto lograron una posición técnicamente ganada. Sólo podemos añadir que
la realización de la ventaja por parte del español fue muy convincente.} 1. e4
c5 2. Nf3 d6 3. d4 cxd4 4. Nxd4 Nf6 5. Nc3 a6 {Creo que, después de Kasparov,
Boris Gelfand es el experto más grande de la Variante Najdorf. No es casual
que ningún jugador (excepto en encuentros muy contados) pueda presumir de
haber  conseguido ventaja en un duelo teórico frente a Gelfand, así que quizás
la meta más importante de Vallejo fuera evadir esas continuaciones más
actuales y dirigir el encuentro por cauces más tranquilos, donde las blancas
pueden trasladar el peso de la lucha al medio juego.} 6. a4 Nc6 7. Be2 g6 8.
Be3 Bg7 9. O-O O-O 10. Qd2 Nxd4 {Gelfand mejora el orden de jugadas que
utilizó contra Bruzon el año pasado, durante el Campeonato del Mundo por
equipos} (10... Bd7 11. Rfd1 Rc8 12. f3 Nxd4 13. Bxd4 Qc7 14. a5 Be6 15. Rdc1
Bc4 16. Kh1 e6 17. Bxc4 Qxc4 18. Ra4 Qc6 19. Rb4 Rfd8 20. Bb6 Re8 21. Ne2 h5
22. c3 Kh7 23. Rd1 d5 24. e5 Ng8 25. f4 Bf8 26. Rd4 Nh6 {
con aproximada igualdad, L.Bruzon-B.Gelfand World Team ch 2005}) 11. Bxd4 Be6
12. Rfd1 Rc8 13. f3 Bc4 14. a5 {Las blancas pueden estar satisfechas de los
resultados de la apertura, porque para las negras es difícil crear contrajuego
y deben procurar solamente mantener la igualdad.} Bxe2 15. Qxe2 Qc7 16. Kh1 e6
{Evitando una posible acción con Bxf6 y Nd5} 17. Qd2 Qc6 {Lo mejor es jugar} (
17... Qe7 {
con idea de poner la torre en c6 y defender el peón en d6 de una forma segura})
18. Qg5 h6 ({Después de} 18... Nh5 19. Bxg7 Kxg7 20. Rd3 {
las blancas mantienen una pequeña ventaja.}) 19. Qh4 Nd7 ({En caso de} 19... g5
20. Qh3 Nd7 21. Bxg7 Kxg7 22. Qg3 Ne5 {la jugada} 23. f4 {
rompe la posición de las negras.}) ({Es mejor seguir} 19... Ne8 20. Bxg7 Kxg7
21. Rd3 {pero las negras están muy pasivas.}) 20. Bxg7 Kxg7 21. Qe7 {diagrama}
Ne5 $2 {Podemos decir que éste es el error decisivo. Había que seguir} (21...
Rfe8 22. Qxd6 Qxd6 23. Rxd6 Ne5 24. Rb1 ({si} 24. Rb6 Rc7 25. Rb3 Rd8 {
la compensación es más que suficiente}) 24... Red8 25. Rxd8 Rxd8 26. Rd1 Rxd1+
27. Nxd1 Nc6 {con igualdad}) 22. Rxd6 Rc7 23. Rxc6 Rxe7 24. Rc5 $1 Nc6 25. Rd1
{Vallejo no sólo tiene un peón de ventaja, sino también controla la columna
abierta.} Rc8 26. Kg1 Rec7 27. Na4 Nb8 28. b4 Kf6 ({Pierde} 28... Nd7 $4 {por}
29. Rxd7) 29. c3 Ke7 30. Kf2 Rxc5 31. Nxc5 Rc7 32. f4 Nc6 {La posición está
ganada y sólo hay que tener un poco de cuidado. Por ejemplo ahora se amenaza
Nxa5} 33. Na4 e5 34. g3 exf4 35. gxf4 g5 {
Las negras, con sus avances, sólo aceleran la derrota.} 36. Nb6 Kf8 37. Rd7 {
Es lo mas sencillo.} Rxd7 38. Nxd7+ Ke7 39. Nc5 Nd8 40. Kf3 f6 41. Kg4 Kf7 42.
f5 Kg7 43. Kh5 Kh7 44. h3 {Las negras están en situación de zugzwang.} Kg7 45.
Ne6+ Nxe6 46. fxe6 Kf8 47. Kxh6 Ke7 48. e5 Kxe6 49. exf6 Kxf6 50. c4 Kf5 51.
Kh5 Kf4 52. b5 1-0

[Event "Malaga op"]
[Site "Campillos (Malaga)"]
[Date "2006.02.28"]
[Round "5.1"]
[White "Tratar, Marko"]
[Black "Cicak, Slavko"]
[Result "1/2-1/2"]
[WhiteElo "2466"]
[BlackElo "2500"]
[Annotator "Matamoros,Carlos"]
[PlyCount "118"]
[EventDate "2006.02.25"]
[EventType "swiss"]
[Source "EDAMI"]
[SourceDate "2006.12.20"]

{Antes de la última ronda Cicak sólo cedió estas tablas ?Por qué elijo
entonces esta partida y no una de sus victorias? Esta partida nos da la clave
de su triunfo final, una excelente preparación teórica en líneas secundarias,
ideal para luchar por el punto entero en torneos abiertos. Tras la partida me
comentó que tuvo la posición ganadora en casa. Para mí en cambio ya su jugada
6 me resulta desconocida.} 1. Nf3 g6 2. c4 Bg7 3. e4 e5 4. d4 exd4 5. Nxd4 Nc6
6. Be3 Qf6 {#} 7. Nxc6 dxc6 $1 {Esta jugada mejora el juego del negro en las
dos únicas partidas que figura en la base de datos con esta posición. El negro
acelera su desarrollo a costa de corromper un poco su estructura de peones.} 8.
Nc3 Qe7 9. Qd2 ({Tal vez el blanco deba pensar en el enroque corto. Mantener
la dama en d1 tiene sus puntos positivos como se ve en la variante} 9. Be2 f5 (
9... Nf6 $5) 10. exf5 Bxf5 11. O-O Nf6 12. Qb3 $1) 9... f5 10. exf5 Bxf5 11.
O-O-O Nf6 {El rey blanco no luce muy seguro en el flanco de dama donde se
encuentra bajo la influencia de los dos alfiles negros.} 12. Bd3 Rd8 13. Qe2 ({
si} 13. Rhe1 O-O {y no hay ninguna descubierta favorable al blanco, por ejemplo
} 14. Bh6 Qf7 15. Bxg7 Kxg7 $17) 13... Rxd3 14. Rxd3 Bxd3 15. Qxd3 Ng4 16. Bd4
O-O {
con jugadas simples el negro ha alcanzado una posición prácticamente ganadora.}
17. Bxg7 Qxg7 (17... Nxf2 $1 18. Qd2 Qxg7 19. Rf1 Qf7 $1 {
esta es la jugada que se le escapó a Cicak} 20. Kb1 Ne4 $1 {ganando}) 18. Qe2 {
El blanco confía en dejar al caballo de g4 atrapado una vez que aterrice en f2.
} Nxf2 19. Rf1 Qd4 20. Kc2 Rf5 21. h3 {
El negro tiene un peón de más pero no es fácil evacuar al caballo de f2.} Kg7
22. a3 a6 23. a4 a5 24. Qe7+ Rf7 25. Qe2 h5 26. Re1 {Posiblemente la posición
sea de tablas posicionales. El siguiente intento del negro por ganar casi le
cuesta la partida.} Nxh3 27. Rd1 Qc5 28. Ne4 Nf4 29. Nxc5 Nxe2 30. Rd2 Ng3 31.
Nxb7 Rf5 {#} 32. b4 $1 {#  Ahora los tres resultados son posibles.} axb4 33. a5
Ne4 (33... Rf1 34. Kb2) 34. Rd7+ Kh6 35. a6 Rf1 36. Rxc7 Ra1 37. Rxc6 Ra3 38.
Nd6 Nxd6 39. Rxd6 Rc3+ 40. Kb2 Rxc4 41. a7 Rc8 {#} 42. Kb3 ({Tal vez tras} 42.
Ra6 {habría cambiado la suerte del torneo, por ejemplo} Ra8 ({El intento de
liberar al rey puede que sea el mejor intento pero también fracasa tras} 42...
Kg5 43. a8=Q Rxa8 44. Rxa8 Kg4 (44... h4 45. Rg8 Kf5 46. Kb3 g5 47. Kxb4 g4 48.
Kc4 Kf4 49. Kd3 $18) (44... Kf4 45. Rg8 g5 46. g3+ $5 {transpone a 44...Rg4})
45. Rg8 g5 46. g3 $5 {Posiblemente no sea la manera más exacta de ganar pero
sí es la que produce variantes más bonitas.} Kxg3 47. Rxg5+ Kh4 48. Rg8 Kh3 49.
Kc2 $1 h4 50. Kd2 b3 (50... Kh2 51. Ke2 b3 52. Kf2) 51. Ke1 $3 (51. Ke2 b2 52.
Rb8 Kg2 53. Rxb2 h3 $11) 51... b2 52. Rb8 Kg2 53. Rxb2+ {!JAQUE!} Kg1 54. Rb8
h3 55. Rg8+ Kh1 56. Kf2 h2 57. Kg3 Kg1 58. Kh3+ Kh1 59. Ra8 $18) 43. Ra5 $1 h4
44. Kb3 g5 45. Kxb4 g4 46. Kc5 Kg5 (46... h3 47. gxh3 gxh3 48. Kb6 {
y el negro pierde al estar cortado el rey en la quinta fila.}) 47. Kb6+ Kf4 48.
Ra3 $1 $18) 42... Ra8 43. Ra6 Kg5 $1 44. Kxb4 Kf4 45. Kb5 Ke3 46. Kb6 Kf2 47.
Kb7 ({no cambia nada} 47. Ra2+ Kg3 48. Kb7 Rd8 49. a8=Q Rxa8 50. Kxa8 g5 51.
Kb7 g4 $11) 47... Rxa7+ 48. Kxa7 Kxg2 49. Rxg6+ Kf3 $1 {
única pero suficiente para empatar} 50. Rh6 Kg4 51. Kb6 h4 52. Kc5 Kg3 53. Kd4
h3 54. Ke3 Kg2 55. Rg6+ Kf1 $1 56. Rf6+ Kg1 57. Rh6 Kg2 58. Ke2 h2 59. Rg6+ Kh1
1/2-1/2

[Event "7th Karpov"]
[Site "Poikovsky RUS"]
[Date "2006.03.24"]
[Round "6"]
[White "Ponomariov, Ruslan"]
[Black "Rublevsky, Sergei"]
[Result "1-0"]
[WhiteElo "2723"]
[BlackElo "2665"]
[Annotator "Rahal, M"]
[PlyCount "99"]
[EventDate "2006.03.18"]
[EventType "tourn"]
[EventRounds "9"]
[EventCountry "RUS"]
[EventCategory "18"]
[Source "EDAMI"]
[SourceDate "2006.12.20"]

{Ponomariov cuajó un buen torneo, terminando en segunda posición con sólo una
derrota (frente a Bologan). En su partida con Rublevsky demuestra excelente
técnica, y sobretodo una gran capacidad para el juego de piezas en posición
abierta.} 1. e4 c5 2. Nf3 e6 3. d4 cxd4 4. Nxd4 Nc6 5. Nc3 a6 6. Nxc6 bxc6 7.
Bd3 {Esta variante se ha vuelto muy popular en los últimos años, y jugadores
de primera fila como Adams, Topalov o Morozevich lo han incorporado a su
arsenal de aperturas. Con el cambio de caballos el blanco cede al negro la
ocupación del centro, pero a cambio pretende un desarrollo libre de sus piezas,
y en caso de que las negras jueguen ...d5 el blanco avanzará e4-e5 con
opciones de ataque en el flanco de rey. Es una buena alternativa para huir de
las jugadas más teóricas.} d5 8. O-O Nf6 9. Re1 Be7 10. e5 $1 {La jugada clave
del esquema blanco. Las blancas cierran el centro y apuntan al flanco de rey.}
Nd7 11. Qg4 {Esta es la jugada más incisiva, atacando directamente el peón g7
y provocando debilidades en el flanco de rey.} ({
Alternativamente se puede jugar más posicionalmente con} 11. Na4 {que fue la
gada empleada por Bologan contra Rublevsky en el mismo torneo. La idea de esta
jugada es avanzar c2-c4 presionando el centro.}) 11... g6 12. Na4 $5 {
#En su excelente libro sobre la Siciliana Taimanov, el MI inglés Graham
Burguess critica esta jugada, y propone como jugadas más exactas 12.Bh6 o
sobretodo 12.b3 (Gallagher) ya que las negras puede forzar el cambio de damas,
y medio juego que sigue a continuación parece igualado. Sin embargo, algunas
partidas recientes demuestran que las blancas aún mantienen una cierta ventaja.
} Qa5 {Atacando la torre de e1, y por tanto forzando (tras 13...Qb4) el cambio
de damas.} 13. Bh6 Qb4 14. Qxb4 Bxb4 15. c3 Ba5 ({
La alternativa es cambiar los alfiles de casillas negras con} 15... Bf8 16.
Bxf8 Rxf8 {pero ahora el alfil en c8 corre riesgo de ser una pieza "mala". En
una partida reciente, el joven GM Magnus Carlsen explotó este factor a la
perfección.} 17. c4 Ke7 18. cxd5 cxd5 19. Rac1 Ra7 20. b4 $1 Bb7 21. f4 Rc8 22.
Rxc8 Bxc8 23. Rc1 Kd8 24. Kf2 $1 Nb8 25. Nc5 Rc7 26. Rc2 Nd7 27. Nb3 Rxc2+ 28.
Bxc2 Nb8 29. Nd4 Bd7 30. g4 h6 31. Ke3 Kc7 32. a4 Kb6 33. a5+ $1 Kb7 34. Bd3
Ba4 35. Be2 Nd7 36. h4 Nb8 37. f5 $1 gxf5 38. gxf5 Bd7 39. Bh5 {1-0 Carlsen,
M-Vescovi,G/Wijk aan Zee NED 2006. Un ejemplo de libro de texto sobre como
jugar estos finales de caballo bueno contra alfil malo y debilidades en las
casillas negras.}) 16. b4 Bc7 17. f4 a5 18. b5 $1 Nb6 {
En caso de 18...c5 19.c4! es fuerte.} 19. Nxb6 Bxb6+ 20. Kf1 cxb5 21. Bxb5+ Bd7
22. Rab1 {# La estructura de peones de las negras es superior (peón débil
blanco en c3) pero la actividad de las piezas blancas es mayor. Sobretodo
destaca negativamente la dificultad para incorporar la torre negra de h8 al
juego. Las blancas tienen clara ventaja.} Bxb5+ {
Rublevsky intenta mejorar una partida anterior, en la que perdió con 22...Rb8.}
(22... Rb8 23. c4 $1 Ba7 24. Ba6 Bc6 25. cxd5 exd5 26. f5 Rxb1 27. Rxb1 Kd7 28.
Rc1 gxf5 29. Bd3 Re8 30. Bf4 Bd4 31. Bxf5+ Kc7 32. e6+ $1 Kb6 33. Rb1+ Kc5 34.
exf7 Rf8 35. Rc1+ Kb6 36. Be6 Bc5 37. Bh6 Bb5+ 38. Ke1 Bb4+ 39. Kf2 Rd8 40. Rc8
{1-0 Bacrot,E-Rublevsky,S/Khanty Mansyisk RUS 2005}) 23. Rxb5 Bc7 24. c4 $1 {
Ponomariov emplea la misma táctica que Bacrot: avanzar el peón c3 a c4
abriendo el juego para sus piezas y de paso mejorando su estructura de peones.}
dxc4 25. Rc5 O-O-O 26. Rxc4 Rd7 27. Bg5 $1 {Evitando que la torre negra entre
en juego por d8. Las blancas juegan la partida con torre de más.} Kb7 28. Rb1+
Bb6 29. f5 $1 {Con la amenaza 30.Be3.} Ka7 $2 {Probablemente bajo la presión
del tiempo, y para salir de la clavada cuanto antes, Rublevsky comete un error
y pierde un peón.} ({Había que jugar} 29... Rc7 30. Rd4 $1 Rb8 ({pierde} 30...
gxf5 $2 31. Rd6 Rc6 32. Be3 $18) 31. Rd6 Rc6 32. Be3 Kc7 33. fxg6 fxg6 (33...
Bxe3 34. Rxb8 Kxb8 35. Rd8+ Kc7 36. gxh7 $18) ({
Tampoco se puede comer de peón-h porque el final de peones está perdido.} 33...
hxg6 34. Rxc6+ Kxc6 35. Rxb6+ Rxb6 36. Bxb6 Kxb6 37. Ke2 Kc5 38. Ke3 Kd5 39.
Kf4 $18) 34. Ke2 {y aunque las blancas están mejor, después de 34...Rb7 aún
hay partida por delante.}) 30. Rc6 $1 Bd4 31. fxe6 fxe6 32. Bf6 Re8 {Parece que
las negras defienden todo, pero Ponomariov detecta otra debilidad en el campo
enemigo: el peón de a5.} {#} 33. Rb5 $1 Rd5 34. Rxe6 Rxb5 35. Rxe8 $18 {
La ventaja es decisiva, ya que el peón de e5 le costará la pieza al negro. Es
muy probable que al calcular estas variantes Ponomariov se había percatado de
que el peón de h2 corona en el mismo color que su alfil, muy importante para
asegurar la victoria.} Rb2 36. Bh4 {
Controlando f2 y preparando el avance del peón.} g5 ({O bien} 36... Rb1+ 37.
Ke2 Rb2+ 38. Kd3 Rxg2 39. e6 (39. Kxd4 $2 Rg4+) 39... Bc5 (39... Rxh2 40. e7
$18) 40. e7 Bxe7 41. Rxe7+ $18) 37. Bg3 (37. Bxg5 $6 Rf2+ 38. Ke1 Rxg2 {
es más complicado}) 37... Rxa2 38. e6 Ra1+ 39. Ke2 Ra3 40. Rd8 ({Tal vez} 40.
Bd6 Re3+ 41. Kd2 Bb6 42. e7 {hubiera terminado la partida antes}) 40... Bc5 41.
Rd5 Ra2+ (41... Kb6 42. Rxc5 $1) 42. Kd3 Bb4 43. e7 Bxe7 44. Rd7+ Kb6 45. Rxe7
{Las blancas han ganado la pieza, y ahora sólo deben evitar que el peón de h2
no caiga.} Rxg2 46. Rxh7 a4 47. Re7 a3 48. Re2 Rxe2 49. Kxe2 Kc5 {
El último intento, por si las blancas se equivocan con 50.Bf2+? Kc4! tablas.} (
49... a2 50. Be5 Kc6 51. Kf3 Kd5 52. Ba1 Ke6 53. Kg4 $18) 50. Kd3 1-0